Jur Fándli a Jur Palkovič

Prejav na slávnosti v Ompitáli (Doľanoch), v mieste pôsobenia osvietenských kňazov J. Fándlyho i J. Palkoviča

Podrobná bibliografia
Hlavný autor: Škultéty, Jozef, 1853-1948 (Autor)
Médium: Rukopis Kniha
Jazyk:slovenčina
latinčina
PhysicalDescription:21 strán, 7 nečíslovaných strán rukopis, voľné listy 21 cm
Vydavateľské údaje: [Martin] [1925]
Predmet:

MARC

LEADER 00000ntmaa2200000 a 4500
001 vtls012268253
003 SK-MaSNL
005 20260302045737.0
008 241210s1925 xo || 000 sdslo
040 |a SNKLA  |b slo  |c SNKLA  |e AACR2 
041 0 |a slo  |a lat 
044 |a xo  |c SK 
072 7 |a 271/279  |x Kresťanské cirkvi, sekty, denominácie  |2 konspekt 
080 |a 025.171  |2 2011 
080 |a 272-722.53  |2 2011 
080 |a (042.5)  |2 2011 
080 |a 930.85(437.6)-051"18"  |2 2011 
080 |a 27-722.51/.52  |2 2011 
100 1 |a Škultéty, Jozef,  |d 1853-1948  |4 aut  |9 189198 
245 1 0 |a Jur Fándli a Jur Palkovič  |c [Jozef Škultéty] 
246 3 3 |a Pamiatka Jura Fándliho a Jura Palkoviča 
260 |a [Martin]  |c [1925] 
300 |a 21 strán, 7 nečíslovaných strán  |b rukopis, voľné listy  |c 21 cm 
500 |a Autor podľa iných prác pod signatúrou 49 
500 |a Alternatívny názov bol pôvodným názvom, neskôr preškrtnutý 
520 2 |a Prejav na slávnosti v Ompitáli (Doľanoch), v mieste pôsobenia osvietenských kňazov J. Fándlyho i J. Palkoviča 
546 |a Napísané slovensky, citovaná literatúra aj latinsky 
555 0 |a Inventár rukopisov Literárneho archívu Matice slovenskej X. Fondy 46 - 51. Martin : Matica slovenská 1981 
561 |a Okrúhla pečiatka: Matica slovenská Martin Literárny archív 
600 1 7 |a Fándly, Juraj,  |d 1750-1811  |2 SNKMA  |9 36948 
600 1 7 |a Palkovič, Juraj,  |d 1763-1835  |2 SNKMA  |9 116274 
650 0 7 |a katolícki kňazi  |2 SNKPH  |9 1290 
650 0 7 |a bernolákovci  |2 SNKPH  |9 67252 
650 0 7 |a cirkevní hodnostári  |2 SNKPH  |9 261074 
651 7 |a Doľany (Pezinok, Slovensko)  |2 SNKPHgeo  |9 84040 
655 7 |a rukopisy  |2 SNKPH  |9 70548 
655 7 |a prejavy  |2 SNKPH  |9 70401 
852 |a SNK  |b Literárny archív 
958 |a OF 
958 |a LAVD 
999 |c 1094591  |d 1096521 
952 |a SNKLA  |b SNKLA  |c SNKLA_DEP  |y NEVYP  |7 0  |p 17A1230826  |o snk49 CI 16  |0 0  |1 0  |4 0  |d 2024-12-10  |f 1  |l 0  |r 2026-02-24 17:09:54  |w 2026-02-24